| 000 | 00577nam a2200229Ia 4500 | ||
|---|---|---|---|
| 005 | 20250425162136.0 | ||
| 008 | 250425s9999 xx 000 0 und d | ||
| 020 | _a1589062914 | ||
| 041 | _aeng | ||
| 082 | _a332.042 | ||
| 100 | _aMATHIESON, DONALD | ||
| 245 | 0 | _aEMERGING LOCAL SECURITIES AND DERIVATIVES MARKETS | |
| 250 | _aS.E. | ||
| 260 |
_aEstados Unidos _bINTERNATIONAL MONETARY FUND _c2004 |
||
| 260 | _aWASHINGTON | ||
| 300 | _a94 | ||
| 650 | _aFINANZAS | ||
| 650 | _aMERCADO | ||
| 710 | _aINTERNATIONAL MONETARY FUND | ||
| 942 | _c01 | ||
| 010 | _a52754 | ||
| 999 |
_c223170 _d223170 |
||